00373pab a2200145 454500008004000000100001800040245006500058260000900123300001300132362001100145650001400156650001500170700002200185773002000207180718b2009 xxu||||| |||| 00| 0 eng d aTalawar, M.S. aPodcasting: a new trend of web-based technology in education c2009 ap.13-15. a27 Jul aEducation aPodcasting aKumar, T. Pradeep aUniversity News